Evaluación constructivista

Wedi'i Gadw mewn:
Manylion Llyfryddiaeth
Prif Awdur: Neimeyer, Greg J. (compilador)
Fformat: Llyfr
Iaith:Sbaeneg
Cyhoeddwyd: Barcelona Paidós 1996
Cyfres:Colección Evaluación Psicológica, 64
Pynciau:
Tagiau: Ychwanegu Tag
Dim Tagiau, Byddwch y cyntaf i dagio'r cofnod hwn!

MARC

LEADER 00000nam a2200000 a 4500
001 UCT4276
003 CL-VaPUC
008 961108e19960000SP |||||||||||||||||spa|d
020 |a 8449302978 
082 0 4 |a 150.195  |b NEI  |2 21 
100 |a Neimeyer, Greg J.  |e compilador  |9 373512 
245 1 0 |a Evaluación constructivista 
300 |a 220 p 
942 |c BK 
945 |d 19961108 00:00:00  |a nastorga 
260 |a Barcelona  |b Paidós  |c 1996 
650 0 |a Psicoanálisis   |9 265702 
650 7 |a TERAPIAS  |2 CL-VaPUC  |9 373443 
650 0 |a Trabajo  |9 313876 
650 7 |a INDIVIDUO  |2 CL-VaPUC  |9 334576 
650 0 |a Epistemología   |9 264994 
650 0 |a Evaluación  |9 271902 
650 0 |a Clientes  |9 369499 
583 |a last modification  |c 19961108 00:00:00  |k Rodrigo Vera 
490 0 |a Colección Evaluación Psicológica, 64 
999 |c 253683  |d 253681 
952 |0 0  |1 0  |4 0  |6 150_195000000000000_NEI_1996  |7 0  |8 A  |9 274717  |a BIBEDU  |b BIBEDU  |d 2019-11-19  |i 3250253  |o 150.195 NEI 1996  |p 3250253  |r 2019-11-19  |w 2019-11-19  |y BK  |k PSI 
952 |0 0  |1 0  |4 0  |6 150_195000000000000_NEI_1996  |7 0  |8 A  |9 274718  |a FDOPOS  |b FDOPOS  |d 2019-11-19  |i 3294811  |o 150.195 NEI 1996  |p 3294811  |r 2025-01-22  |w 2019-11-19  |y BK  |k MLA 
952 |0 0  |1 0  |4 0  |6 150_195000000000000_NEI_1996  |7 0  |8 A  |9 274719  |a BIBTEO  |b BIBTEO  |d 2019-11-19  |i 3611027  |o 150.195 NEI 1996  |p 3611027  |r 2025-01-17  |w 2019-11-19  |y BK  |k ICR 
952 |0 0  |1 0  |4 0  |6 150_195000000000000_NEI_1996  |7 0  |8 A  |9 274720  |a FDOPOS  |b FDOPOS  |d 2019-11-19  |i 3695611  |o 150.195 NEI 1996  |p 3695611  |r 2025-01-22  |w 2019-11-19  |y BK  |k MLA 
952 |0 0  |1 0  |4 0  |6 150_195000000000000_NEI_1996  |7 0  |8 A  |9 274721  |a FDOPOS  |b FDOPOS  |d 2019-11-19  |i 338604K  |o 150.195 NEI 1996  |p 338604K  |r 2025-01-22  |w 2019-11-19  |y BK  |k MLA 
952 |0 0  |1 0  |4 0  |6 150_195000000000000_NEI_1996  |7 0  |8 A  |9 274722  |a BIBEDU  |b BIBEDU  |d 2019-11-19  |i 4070690  |o 150.195 NEI 1996  |p 4070690  |r 2019-11-19  |w 2019-11-19  |y BK  |k EDU